000 00569nam a2200193Ia 4500
008 240729s9999 xx 000 0 und d
022 _a2791-3775
245 0 _aJournal of Business, Communication and Technology
260 _aOman
260 _bGulf College
650 _a Business | Language and Literature
650 _a Commerce
650 _a Communication. Mass media | Technology
650 _a Philology. Linguistics
650 _aSocial Sciences
856 _uhttps://doaj.org/toc/ec9c899181174c29b4d84fe5b5ca2f7b
942 _2ddc
942 _cDOAJEJ
999 _c73553
_d73553
945 _a1
_bMadushi Gamage
_c1
_dMadushi Gamage